| 000 | 00672 a2200241 4500 | ||
|---|---|---|---|
| 260 | _aParis | ||
| 630 | _aDroit, législation, administration | ||
| 650 | _aG | ||
| 260 | _bCNRS | ||
| 245 | _aJurisprudence du Conseil d'Etat et du Tribunal des Conflits : tables décennales 1965-1974. Tome 1 : de actes législatifs et administratifs à assurance et prévoyance | ||
| 300 | _a730 p. | ||
| 650 | _aSécurité Sociale | ||
| 650 | _aJuridictions administratifs | ||
| 650 | _aactes juridiques | ||
| 260 | _c1976 | ||
| 300 | _b22,5 | ||
| 100 | _lFr | ||
| 110 | _aConseil d'Etat | ||
| 037 | _aDe 000610 | ||
| 020 | _a2-222-01995-8 | ||
| 999 |
_c37100 _d37100 |
||